| 000 | 00902nam a2200241 a 4500 | ||
|---|---|---|---|
| 001 | 1552 | ||
| 003 | BR-CuiBMT | ||
| 005 | 20231215031800.0 | ||
| 008 | 231214s2010 dfb 000 0 por d | ||
| 040 |
_aBR-CuiBMT _cBR-CuiBMT |
||
| 080 |
_a331.5 _x-056.26 _22007 |
||
| 090 |
_dBraile _a331.5-056.26 _bB823a |
||
| 110 | 1 |
_aBrasil. _bSenado Federal. |
|
| 245 | 1 | 2 |
_aA inclusão das pessoas com deficiência no mercado de trabalho _h[braile] / _cSenado Federal. |
| 260 |
_aBrasília : _bSEEP, _c2010 |
||
| 300 |
_a2 v. ; _c29 x 28 cm |
||
| 500 | _aTranscrito em dois volumes para o Sistema Braile pela Secretaria Especial de Editoração e Publicações do Senado Federal. | ||
| 650 |
_aPessoas com deficiência _xEmprego _zBrasil |
||
| 650 |
_aPessoas com deficiência _vLegislação _xEmprego _zBrasil |
||
| 650 |
_aDireito ao trabalho _zBrasil |
||
| 650 |
_aIntegração social _zBrasil |
||
| 942 |
_2udc _cLV |
||
| 999 |
_c1552 _d1552 |
||